000 01348nam a2200373 i 4500
003 CO-BoRNBP
005 20230411160155.0
007 ta
008 220207t2021 ck ||||| |||| 00| fdspa d
020 _a9789587534276
040 _aCO-BoRNBP
_bspa
_erda
_cCO-BoRNBP
041 0 _aspa
043 _as-ck---
082 0 4 _a860.8
_bM35b2
_223
245 0 0 _aUna holandesa en América
_bSoledad Acosta de Samper
_cprólogo Carolina Alzate ; edición María Antonia León ; traducción del francés Natalia Garzón Martínez
250 _aOctava edición
264 1 _aBogotá, Colombia
_bMinisterio de Cultura
_c2021
264 4 _c©2021
300 _a284 páginas
_c21 cm
336 _atexto
_btxt
_2rdacontent
337 _asin mediación
_bn
_2rdamedia
338 _avolumen
_bnc
_2rdacarrier
490 0 _aBiblioteca de Escritoras Colombianas
_v2
490 0 _aNovela
500 _aIncluye glosario
600 1 4 _aAcosta de Samper, Soledad
_d1833-1913
_vBiografías
_91099
650 1 7 _aNovelas colombianas
_ySiglo XIX
_2ARMARC
_91100
650 1 7 _aLiteratura colombiana
_ySiglo XIX
_2ARMARC
_91088
650 1 7 _aAmor en la literatura
_ySiglo XIX
_2ARMARC
_91101
700 1 _aAlzate, Carolina
_eprologuista
_91102
700 1 _aLeón, María Antonia
_eeditora
_91103
700 1 _aGarzón Martínez, Natalia
_etraductora
_91104
942 _2ddc
_cBK
999 _c9360
_d9360